000 00289nam a2200121Ia 4500
008 210312s9999||||xx |||||||||||||| ||und||
041 _aosm
050 _aPJ6101
050 _bB61.M87
100 _aMustafa bin İbrahim
245 0 _aTuhfetü'l-avamil
650 _aDil--Arap dili--Dilbilgisi
999 _c22390
_d22390